000 00883nam a22002297a 4500
003 DO-SdBNP
005 20220531084024.0
007 ta
008 211116b2021 dr ||||| |||| 00| 0 spa d
020 _a9789945624120
040 _aDO-SdBNP
_bspa
_cBNPHU
100 1 _aVargas, Aneury
_980638
245 1 0 _a¿Qué haces aquí? :
_breflexiones sobre el propósito de vida, las decisiones y las relaciones de los jóvenes /
_cAneury Vargas Ramírez ; prólogo Gerardo Bautista Brazobán.
260 _aSanto Domingo :
_bFR Multiservicios,
_c2021.
300 _a256 p. ;
_c24 cm.
500 _aIncluye datos biográficos del autor en la contracubierta.
501 _aIncluye referencias bibliográficas y notas al pie de las páginas
590 _aInventariado, 2021 /LP
700 1 _aBautista Brazobán, Gerardo,
_eprólogo
_980639
910 _a Lopérez
942 _2ddc
_cLBS1
999 _c50976
_d50976